[Event "ICS Rated blitz match"]
[Site "207.99.83.229"]
[Date "1999.07.23"]
[Round "?"]
[White "MissSilicon"]
[Black "Hossa"]
[Result "1-0"]
[WhiteElo "2629"]
[BlackElo "2369"]
[PlyCount "91"]
[EventDate "1999.??.??"]

1. Nf3 Nf6 2. c4 e6 3. Nc3 d5 4. d4 dxc4 5. e3 c5 6. Bxc4 a6 7. O-O Be7 8. dxc5
O-O 9. b4 a5 10. Ba3 axb4 11. Bxb4 b6 12. Nb5 bxc5 13. Bc3 Ne4 14. Be5 Nc6 15.
Bf4 Bf6 16. Qc2 Bb7 17. Qxe4 Na5 18. Qc2 Bxf3 19. Bc7 Qe8 20. gxf3 Bxa1 21.
Rxa1 Nxc4 22. Qxc4 Qe7 23. f4 Rfc8 24. Bd6 Qf6 25. Be5 Qh4 26. f3 Qh5 27. Nd6
Rd8 28. Rf1 Qg6+ 29. Kh1 Qh5 30. a4 Qh3 31. Kg1 Ra5 32. Bc3 Raa8 33. Qxc5 f6
34. Qc6 Ra7 35. Bd4 Raa8 36. Rb1 Rf8 37. Rb7 Qh4 38. Kg2 Rfd8 39. Qc4 Rxd6 40.
Qc7 Qh6 41. Qxd6 Qg6+ 42. Kh1 Re8 43. Rb8 Qf7 44. a5 Qe7 45. Qxe7 Rxb8 46.
Qxe6+ {Hossa resigns} 1-0

[Event "ICS Rated blitz match"]
[Site "207.99.83.229"]
[Date "1999.07.23"]
[Round "?"]
[White "Hossa"]
[Black "MissSilicon"]
[Result "0-1"]
[WhiteElo "2363"]
[BlackElo "2635"]
[PlyCount "75"]
[EventDate "1999.??.??"]

1. d4 Nf6 2. c4 g6 3. Nc3 d5 4. cxd5 Nxd5 5. e4 Nxc3 6. bxc3 c5 7. Be3 Bg7 8.
Bc4 O-O 9. Ne2 cxd4 10. cxd4 Nc6 11. Qd2 Na5 12. Bd3 Nc6 13. Rd1 Nxd4 14. Nxd4
Bxd4 15. Bb5 Qb6 16. Qxd4 Qxb5 17. Bh6 e5 18. Qd2 Re8 19. f3 Be6 20. a3 Bb3 21.
Rb1 a5 22. Qd6 Ra6 23. Qd2 Rc8 24. Qe3 a4 25. Kf2 Rc2+ 26. Kg3 f5 27. Qg5 f4+
28. Kh4 Qc5 29. Rhf1 Kf7 30. Kh3 Rd6 31. g4 Rdd2 32. Qxf4+ exf4 33. Bxf4 Rf2
34. Rbd1 Rxf1 35. Rxf1 g5 36. Bd2 Rxd2 37. Kg3 Bd1 38. h4 {Hossa resigns} 0-1

[Event "ICS Rated blitz match"]
[Site "207.99.83.229"]
[Date "1999.07.23"]
[Round "?"]
[White "topolino"]
[Black "Hossa"]
[Result "1-0"]
[WhiteElo "2536"]
[BlackElo "2357"]
[PlyCount "74"]
[EventDate "1999.??.??"]

1. e4 Nf6 2. Nc3 d5 3. e5 d4 4. Nce2 d3 5. cxd3 Nd5 6. Qb3 e6 7. Nf3 Be7 8. d4
f6 9. Nc3 fxe5 10. dxe5 O-O 11. Nxd5 exd5 12. Be2 c5 13. O-O Nc6 14. Re1 Rb8
15. d3 Bg4 16. Bd2 Qd7 17. Bc3 Be6 18. d4 cxd4 19. Nxd4 Bc5 20. Nf3 Rbe8 21.
Rad1 a6 22. Bd3 g6 23. Re2 Re7 24. Rdd2 Rf4 25. Ng5 Nd4 26. Bxd4 Bxd4 27. h3 a5
28. g3 a4 29. Qa3 Bxh3 30. Bb5 Qg4 31. Rxd4 Qxg5 32. Rxf4 h5 33. Rxa4 Qc1+ 34.
Kh2 Rg7 35. Ra8+ Kh7 36. Qf8 Kh6 37. Qd6 37... Bc8 {Hossa resigns} 1-0

[Event "ICS Rated blitz match"]
[Site "207.99.83.229"]
[Date "1999.07.23"]
[Round "?"]
[White "JudgeTurpin"]
[Black "Hossa"]
[Result "1-0"]
[WhiteElo "2533"]
[BlackElo "2349"]
[PlyCount "108"]
[EventDate "1999.??.??"]

1. Nf3 Nf6 2. g3 d5 3. Bg2 e6 4. O-O Bd6 5. d3 O-O 6. Nbd2 e5 7. c4 Nc6 8. cxd5
Nxd5 9. Nc4 Nb6 10. b3 Bg4 11. Bb2 Nxc4 12. bxc4 Qf6 13. Rb1 Rab8 14. Nd2 Rbd8
15. Bc3 Rb8 16. Ne4 Qh6 17. Bd2 Qh5 18. f3 Bd7 19. Nxd6 cxd6 20. e3 Bh3 21. f4
Qxd1 22. Rfxd1 Bxg2 23. Kxg2 f5 24. e4 g6 25. exf5 Rxf5 26. Rf1 h5 27. fxe5
dxe5 28. Rxf5 gxf5 29. Rf1 Rf8 30. Be3 Rf7 31. Rd1 Rd7 32. Kf3 e4+ 33. Kf4 Rxd3
34. Rxd3 exd3 35. Kxf5 Nb4 36. a4 Kf7 37. Ke4 Ke6 38. Kd4 a5 39. h3 Kf7 40. g4
hxg4 41. hxg4 Ke6 42. Bd2 Kf6 43. Ke4 Na6 44. g5+ Kg6 45. Kd5 b6 46. Kc6 Nc5
47. Kxb6 Nb3 48. Be1 Kf5 49. c5 d2 50. Bxd2 Nxd2 51. Kxa5 Nc4+ 52. Kb4 Ne5 53.
a5 Nc6+ 54. Kb5 54... Ne7 {Hossa resigns} 1-0

[Event "ICS Rated blitz match"]
[Site "207.99.83.229"]
[Date "1999.07.23"]
[Round "?"]
[White "Hossa"]
[Black "JudgeTurpin"]
[Result "0-1"]
[WhiteElo "2341"]
[BlackElo "2541"]
[PlyCount "123"]
[EventDate "1999.??.??"]

1. d4 d5 2. c4 dxc4 3. e4 Nc6 4. Nf3 Bg4 5. Bxc4 e6 6. d5 exd5 7. Bxd5 Nf6 8.
Bxc6+ bxc6 9. Qa4 Qd6 10. Ne5 Rd8 11. Nxg4 Nxg4 12. Nc3 h6 13. h3 Ne5 14. O-O
Qd4 15. Qxd4 Rxd4 16. Be3 Rc4 17. Rfd1 Bc5 18. Bxc5 Rxc5 19. Rac1 g5 20. Nd5
Rxc1 21. Nxc7+ Ke7 22. Rxc1 Rd8 23. Rc2 Rd1+ 24. Kh2 Rd4 25. f3 Kd8 26. Na8 f6
27. Rc3 Rb4 28. Rb3 Rxb3 29. axb3 Kc8 30. Kg3 Kb7 31. h4 Kxa8 32. f4 gxh4+ 33.
Kxh4 Nd3 34. Kh5 Nxf4+ 35. Kxh6 Nxg2 36. Kg6 Kb7 37. Kxf6 Kc7 38. e5 Ne3 39.
Kf7 Nd5 40. e6 Kd6 41. b4 Ne7 42. Kf6 a6 43. b3 Nd5+ 44. Kf7 c5 45. bxc5+ Kxc5
46. Kg7 Kb4 47. Kh6 Kxb3 48. Kg7 Kc3 49. Kf8 Nf4 50. Ke7 Nxe6 51. Kxe6 Kd4 52.
Kf5 a5 53. Kf4 a4 54. Kf3 a3 55. Kf4 a2 56. Kf3 a1=Q 57. Kf4 Qf1+ 58. Kg4 Qf6
59. Kh3 Ke3 60. Kg3 Qg5+ 61. Kh2 Kf2 62. Kh1 {Hossa resigns} 0-1

[Event "ICS rated blitz match"]
[Site "207.99.83.229"]
[Date "1999.07.23"]
[Round "?"]
[White "TDChess"]
[Black "Hossa"]
[Result "1-0"]
[WhiteElo "2449"]
[BlackElo "2333"]
[PlyCount "85"]
[EventDate "1999.??.??"]

1. e4 Nf6 2. e5 Nd5 3. Nf3 d6 4. d4 Bg4 5. Be2 Nc6 6. O-O dxe5 7. dxe5 f6 8.
exf6 exf6 9. Nd4 Nxd4 10. Bxg4 Nb4 11. Bh5+ g6 12. Na3 Nbc6 13. c3 Bxa3 14.
bxa3 Nf5 15. Bf3 Qxd1 16. Rxd1 Rb8 17. Bf4 Ne5 18. Bxe5 fxe5 19. Rab1 b6 20.
Bc6+ Kf7 21. Rd7+ Ne7 22. Bb5 Rbc8 23. Ba6 Ra8 24. Rxc7 Rhd8 25. Re1 Ke6 26. f4
Kd6 27. Rc4 e4 28. Rcxe4 Nd5 29. Rd1 Re8 30. Red4 Re3 31. Rxd5+ Ke6 32. Bc4 Kf6
33. Rd7 g5 34. g4 Re6 35. Bxe6 gxf4 36. Bb3 Kg5 37. R1d5+ Kxg4 38. Bd1+ f3 39.
Rf7 Rg8 40. Kf2 Kh4 41. Bxf3 Rg2+ 42. Kxg2 b5 43. Rxh7# {Hossa checkmated} 1-0

[Event "ICS rated blitz match"]
[Site "207.99.83.229"]
[Date "1999.07.23"]
[Round "?"]
[White "Carsi"]
[Black "Hossa"]
[Result "0-1"]
[WhiteElo "2323"]
[BlackElo "2322"]
[PlyCount "54"]
[EventDate "1999.??.??"]

1. e4 Nf6 2. e5 Nd5 3. d4 d6 4. Nf3 Bg4 5. Be2 Nc6 6. exd6 cxd6 7. O-O g6 8. c4
Nb6 9. b3 Bg7 10. Be3 O-O 11. h3 Bxf3 12. Bxf3 e5 13. Bxc6 bxc6 14. Na3 Qh4 15.
Nc2 Rae8 16. dxe5 dxe5 17. Bc5 e4 18. Rc1 Rd8 19. Qe2 Rfe8 20. Rcd1 f5 21. Rxd8
Rxd8 22. Rd1 Bc3 23. Nd4 Qf6 24. Qe3 Bb2 25. Rd2 Bc1 26. Kh2 Bxd2 27. Qxd2
27... Qe5+ {Carsi resigns} 0-1

[Event "ICS rated blitz match"]
[Site "207.99.83.229"]
[Date "1999.07.23"]
[Round "?"]
[White "Hossa"]
[Black "Carsi"]
[Result "0-1"]
[WhiteElo "2338"]
[BlackElo "2307"]
[PlyCount "114"]
[EventDate "1999.??.??"]

1. d4 Nf6 2. c4 g6 3. Nc3 d5 4. cxd5 Nxd5 5. e4 Nxc3 6. bxc3 Bg7 7. Be3 c5 8.
Qa4+ Nc6 9. Bb5 Bd7 10. Ne2 a6 11. Bxc6 Bxc6 12. Qc2 cxd4 13. cxd4 Bb5 14. Rb1
O-O 15. O-O Rc8 16. Qd1 Qa5 17. Rb2 Rfd8 18. Qe1 Qxe1 19. Rxe1 Bxe2 20. Rbxe2
Bxd4 21. Bxd4 Rxd4 22. f4 b5 23. g4 b4 24. h4 a5 25. h5 Kg7 26. hxg6 hxg6 27.
Kf2 Rc3 28. Re3 Rc2+ 29. R3e2 Rdd2 30. Ke3 Rxe2+ 31. Rxe2 Rc3+ 32. Kf2 a4 33.
e5 e6 34. Rb2 b3 35. axb3 Rxb3 36. Ra2 a3 37. Ra1 Rb2+ 38. Ke3 a2 39. Kd3 g5
40. f5 exf5 41. gxf5 g4 42. Ke3 g3 43. Kf3 g2 44. f6+ Kg6 45. Rg1 Kf5 46. e6
Kxe6 47. Ke3 Kxf6 48. Kd3 Rb1 49. Rxg2 a1=Q 50. Rg8 Qa6+ 51. Kc2 Qa2+ 52. Kc3
Rb3+ 53. Kd4 Qa4+ 54. Kd5 Rb5+ 55. Kd6 Qa6+ 56. Kd7 Rb7+ 57. Ke8 57... Qa8# {
Hossa checkmated} 0-1

[Event "ICS rated blitz match"]
[Site "207.99.83.229"]
[Date "1999.07.23"]
[Round "?"]
[White "Hossa"]
[Black "Carsi"]
[Result "1-0"]
[WhiteElo "2337"]
[BlackElo "2308"]
[PlyCount "20"]
[EventDate "1999.??.??"]

1. d4 d5 2. c4 c6 3. Nc3 Nf6 4. cxd5 cxd5 5. f3 Bf5 6. Bg5 e6 7. e4 dxe4 8.
Bb5+ Nc6 9. fxe4 Bg4 10. Bxf6 10... Bxd1 {Carsi resigns} 1-0

[Event "ICS rated blitz match"]
[Site "207.99.83.229"]
[Date "1999.07.23"]
[Round "?"]
[White "Hossa"]
[Black "Abdiel"]
[Result "1-0"]
[WhiteElo "2352"]
[BlackElo "2181"]
[PlyCount "55"]
[EventDate "1999.??.??"]

1. d4 f5 2. c4 Nf6 3. Nc3 g6 4. f3 Bg7 5. Bg5 O-O 6. e3 d6 7. Qd3 Nbd7 8. Be2
e5 9. O-O-O c6 10. dxe5 dxe5 11. Nh3 Qa5 12. Qd6 Ne8 13. Qe6+ Kh8 14. Rxd7 Bxd7
15. Qxd7 e4 16. Qxb7 Bxc3 17. Qxa8 Bd2+ 18. Kc2 Rg8 19. Qxc6 Bb4 20. a3 Bf8 21.
Qxe8 Bg7 22. Qe7 Qb6 23. b4 Qc6 24. b5 Qb6 25. fxe4 Qa5 26. e5 Qxa3 27. Qxa3
Bxe5 28. Qxa7 {Abdiel resigns} 1-0

[Event "ICS rated blitz match"]
[Site "207.99.83.229"]
[Date "1999.07.23"]
[Round "?"]
[White "friendlymate"]
[Black "Hossa"]
[Result "0-1"]
[WhiteElo "2024"]
[BlackElo "2361"]
[PlyCount "38"]
[EventDate "1999.??.??"]

1. d4 d5 2. c4 e6 3. Nc3 Nf6 4. Bg5 c6 5. e3 Be7 6. Nf3 O-O 7. Rc1 Qb6 8. Qc2
h6 9. Bh4 Na6 10. a3 g5 11. Bg3 Re8 12. Ne5 c5 13. dxc5 Nxc5 14. h4 Nce4 15.
hxg5 Nxg3 16. fxg3 Qxe3+ 17. Ne2 Qxg5 18. Nf3 Qe3 19. Rxh6 19... Qxh6 {
friendlymate resigns} 0-1

[Event "ICS rated blitz match"]
[Site "207.99.83.229"]
[Date "1999.07.23"]
[Round "?"]
[White "pagoda"]
[Black "Hossa"]
[Result "1-0"]
[WhiteElo "2063"]
[BlackElo "2369"]
[PlyCount "137"]
[EventDate "1999.??.??"]

1. e4 c5 2. Ne2 Nc6 3. Nbc3 Nf6 4. d4 cxd4 5. Nxd4 e5 6. Ndb5 Bb4 7. a3 Bxc3+
8. Nxc3 Qa5 9. Bd2 Qb6 10. Rb1 O-O 11. Bc4 Qc5 12. Ba2 Nd4 13. O-O b6 14. Bg5
Ne8 15. Nd5 Nc6 16. c3 Ba6 17. Re1 Kh8 18. Qh5 Qd6 19. Rbd1 Qg6 20. Qxg6 fxg6
21. Bh4 Bb7 22. f3 Rc8 23. Ne3 Rc7 24. Bd5 Bc8 25. Ba2 Bb7 26. Nc4 Ba6 27. Nd6
Nxd6 28. Rxd6 Bc8 29. Bg3 Rf6 30. Red1 Rb7 31. R6d2 Rf8 32. Bd5 Rc7 33. Bxc6
Rxc6 34. Bxe5 Rf7 35. Rd4 a5 36. a4 g5 37. c4 h5 38. b3 Re6 39. Bg3 Ref6 40.
Rd6 g4 41. f4 Rxd6 42. Rxd6 h4 43. Bxh4 Rxf4 44. Bf2 Rxe4 45. Bxb6 Re1+ 46. Kf2
Re5 47. Bd4 Rg5 48. Rb6 g3+ 49. hxg3 Rf5+ 50. Ke3 Kh7 51. Rb5 Rxb5 52. axb5 Bb7
53. Bc3 Bxg2 54. Bxa5 d5 55. c5 Kg6 56. Kd4 Bf1 57. b6 Be2 58. b7 Kf5 59. b8=Q
Bd1 60. Qf4+ Ke6 61. Bc7 Bxb3 62. Be5 Bc2 63. c6 Ke7 64. Qg5+ Ke8 65. Qxg7 Bd3
66. Qd7+ Kf8 67. Bf6 Bf1 68. Qe7+ Kg8 69. Qg7# {Hossa checkmated} 1-0

[Event "ICS rated blitz match"]
[Site "207.99.83.229"]
[Date "1999.07.23"]
[Round "?"]
[White "Hossa"]
[Black "pagoda"]
[Result "1/2-1/2"]
[WhiteElo "2342"]
[BlackElo "2090"]
[PlyCount "107"]
[EventDate "1999.??.??"]

1. Nf3 Nf6 2. g3 d5 3. Bg2 Bg4 4. Ne5 Bh5 5. d4 c6 6. O-O e6 7. c4 Bd6 8. Bg5
Nbd7 9. Nxd7 Qxd7 10. Bxf6 gxf6 11. cxd5 cxd5 12. Qd3 f5 13. Rc1 O-O 14. Nc3 f4
15. e3 fxg3 16. fxg3 Bg6 17. Qe2 Rfc8 18. a3 Rc4 19. Qf3 Rac8 20. Bf1 R4c7 21.
Re1 a6 22. Bg2 Qc6 23. Rf1 Qb6 24. Qe2 Qb3 25. Rf2 b5 26. Rd1 b4 27. axb4 Bxb4
28. Re1 Bxc3 29. bxc3 Rxc3 30. Qxa6 Rb8 31. Qd6 Rbc8 32. Qf4 Rc1 33. Rxc1 Rxc1+
34. Bf1 Re1 35. Rf3 Qb7 36. Qg5 Qd7 37. Rf6 Kg7 38. Kf2 Ra1 39. h3 Ra2+ 40. Kg1
Qc6 41. Qf4 Qc2 42. g4 Qd2 43. Qe5 Kg8 44. Qg3 Kg7 45. g5 Ra3 46. Rf3 Be4 47.
Qe5+ Kg8 48. Qd6 Bxf3 49. Qd8+ Kg7 50. Qf6+ Kg8 51. Qd8+ Kg7 52. Qf6+ Kg8 53.
Qd8+ Kg7 54. Qf6+ {Game drawn by repetition} 1/2-1/2

[Event "ICS rated blitz match"]
[Site "207.99.83.229"]
[Date "1999.07.23"]
[Round "?"]
[White "Hossa"]
[Black "pagoda"]
[Result "1-0"]
[WhiteElo "2337"]
[BlackElo "2048"]
[PlyCount "21"]
[EventDate "1999.??.??"]

1. Nf3 d5 2. d4 c6 3. Bg5 Qb6 4. b3 Bf5 5. e3 e6 6. Bd3 Bg6 7. Bxg6 hxg6 8. c4
Nf6 9. O-O Ne4 10. c5 Qd8 11. Bxd8 {pagoda resigns} 1-0

[Event "ICS rated blitz match"]
[Site "207.99.83.229"]
[Date "1999.07.23"]
[Round "?"]
[White "Carsi"]
[Black "Hossa"]
[Result "0-1"]
[WhiteElo "2272"]
[BlackElo "2360"]
[PlyCount "96"]
[EventDate "1999.??.??"]

1. e4 Nf6 2. e5 Nd5 3. d4 d6 4. c4 Nb6 5. exd6 cxd6 6. Nc3 Bf5 7. Nf3 e6 8. Be3
Nc6 9. Be2 d5 10. c5 Nd7 11. Bf4 Be7 12. O-O O-O 13. Nb5 b6 14. b4 Nxb4 15. Qa4
bxc5 16. dxc5 Nc2 17. c6 Nc5 18. c7 Qc8 19. Qa5 Nxa1 20. Rxa1 Bd3 21. Bxd3 Nxd3
22. Bd6 Bxd6 23. Nxd6 Qd7 24. Nb5 Rfc8 25. Rd1 a6 26. Nbd4 Nb2 27. Rb1 Nc4 28.
Qc5 Rxc7 29. Qb4 e5 30. Ne2 Rd8 31. h3 d4 32. Ng3 f6 33. Ne4 Qf5 34. Ned2 Nxd2
35. Nxd2 Qe6 36. Qb3 Qxb3 37. Rxb3 Rc2 38. Kh2 Rxd2 39. Rb7 Rxf2 40. Rc7 Rxa2
41. Rb7 e4 42. Rc7 d3 43. Re7 d2 44. Rxe4 d1=Q 45. Re3 Qf1 46. Rg3 Rd4 47. Rg4
Rxg4 48. hxg4 48... Qxg2# {Carsi checkmated} 0-1

[Event "ICS Rated blitz match"]
[Site "207.99.83.229"]
[Date "1999.07.23"]
[Round "?"]
[White "Hossa"]
[Black "pagoda"]
[Result "1/2-1/2"]
[WhiteElo "2372"]
[BlackElo "2048"]
[PlyCount "127"]
[EventDate "1999.??.??"]

1. Nf3 Nf6 2. c4 c6 3. d3 d5 4. cxd5 cxd5 5. Bf4 Nc6 6. Nbd2 Qa5 7. Ne5 Nxe5 8.
Bxe5 e6 9. Bxf6 gxf6 10. e4 dxe4 11. dxe4 Bd7 12. Qf3 Bb4 13. Rd1 O-O-O 14. a3
Bxd2+ 15. Rxd2 Ba4 16. Bd3 Rd7 17. Qxf6 Rhd8 18. Ke2 Qxd2+ 19. Kxd2 Rxd3+ 20.
Ke2 Bb5 21. f3 Rd1+ 22. Kf2 Rxh1 23. Qxf7 Bc6 24. Qxe6+ Kb8 25. Qe5+ Ka8 26.
Qc7 Re8 27. Qxh7 Rc1 28. Qg7 Rd8 29. Kg3 a6 30. Qg5 Rcd1 31. Qg6 R1d2 32. b3
Bb5 33. Kf4 R2d3 34. Qf6 Re8 35. Qb2 Rf8+ 36. Ke5 Bc6 37. Qc2 Rd7 38. Qc5 Rg8
39. Qg1 Rf7 40. Qh1 Re8+ 41. Kd4 Rd7+ 42. Ke3 Red8 43. Qf1 Bb5 44. Qc1 Rd3+ 45.
Kf4 Rxb3 46. Kg3 Re8 47. Kf2 Rd3 48. g3 Rf8 49. f4 Bc6 50. e5 Rfd8 51. Ke2 Rb3
52. f5 Rdd3 53. a4 Rf3 54. g4 Bxa4 55. Qc8+ Ka7 56. Qc5+ Ka8 57. Qc8+ Ka7 58.
Qc5+ Ka8 59. Qc8+ Ka7 60. Qc5+ Ka8 61. Qc8+ Ka7 62. Qc5+ Ka8 63. Qc8+ Ka7 64.
Qc5+ {Game drawn by repetition} 1/2-1/2

[Event "ICS rated blitz match"]
[Site "207.99.83.229"]
[Date "1999.07.23"]
[Round "?"]
[White "pagoda"]
[Black "Hossa"]
[Result "0-1"]
[WhiteElo "2060"]
[BlackElo "2360"]
[PlyCount "84"]
[EventDate "1999.??.??"]

1. e4 b6 2. d4 Bb7 3. Bd3 e6 4. Nf3 d5 5. e5 c5 6. c3 cxd4 7. cxd4 Bb4+ 8. Bd2
Bxd2+ 9. Qxd2 Nc6 10. Nc3 Nge7 11. O-O O-O 12. Rac1 f6 13. Rfe1 fxe5 14. dxe5
Qe8 15. Nb5 Qd7 16. Nbd4 Nxd4 17. Nxd4 Rac8 18. Rxc8 Rxc8 19. Rc1 Rxc1+ 20.
Qxc1 Nc6 21. Nf3 Nb4 22. Qb1 Nxd3 23. Qxd3 Qc7 24. Qd2 h6 25. Qc3 Qf7 26. Nd4
Qf4 27. Qe3 Qg4 28. f3 Qg6 29. Kf2 Bc8 30. Qc3 Bd7 31. g3 Qh5 32. Kg2 Qxe5 33.
f4 Qe4+ 34. Kf2 g5 35. Qe3 Qh1 36. Nxe6 Qxh2+ 37. Ke1 Qxb2 38. fxg5 Qb1+ 39.
Kd2 Qxa2+ 40. Ke1 Qb1+ 41. Kd2 Qb4+ 42. Kc1 42... Qe7 {pagoda resigns} 0-1

[Event "ICS rated blitz match"]
[Site "207.99.83.229"]
[Date "1999.07.23"]
[Round "?"]
[White "Hossa"]
[Black "pagoda"]
[Result "1-0"]
[WhiteElo "2365"]
[BlackElo "2055"]
[PlyCount "43"]
[EventDate "1999.??.??"]

1. Nf3 Nf6 2. c4 e6 3. Nc3 d5 4. d4 c6 5. Bg5 h6 6. Bxf6 Qxf6 7. Qa4 Nd7 8. e4
dxe4 9. Nxe4 Qf4 10. Bd3 Be7 11. Qa5 O-O 12. O-O c5 13. Qa3 b6 14. Rae1 Re8 15.
d5 exd5 16. cxd5 Bb7 17. Bb5 Bf8 18. Bxd7 Rxe4 19. g3 Qd6 20. Rxe4 Qxd7 21. Rd1
Bxd5 22. Re5 {pagoda resigns} 1-0

[Event "ICS rated blitz match"]
[Site "207.99.83.229"]
[Date "1999.07.23"]
[Round "?"]
[White "pagoda"]
[Black "Hossa"]
[Result "0-1"]
[WhiteElo "2050"]
[BlackElo "2370"]
[PlyCount "68"]
[EventDate "1999.??.??"]

1. e4 b6 2. d4 Bb7 3. Bd3 e6 4. Nf3 d5 5. e5 c5 6. c3 cxd4 7. cxd4 Bb4+ 8. Bd2
Bxd2+ 9. Qxd2 Nc6 10. Nc3 Nge7 11. O-O O-O 12. Rac1 f6 13. a3 fxe5 14. dxe5
Rxf3 15. gxf3 Nxe5 16. Be2 Qf8 17. f4 N5g6 18. Bg4 Nxf4 19. Ne2 Neg6 20. Rc7
Ba6 21. Nxf4 Nxf4 22. Re1 Qf6 23. Re3 Qg5 24. Rg3 Nh3+ 25. Bxh3 Qxd2 26. Rgxg7+
Kf8 27. Rcf7+ Ke8 28. Re7+ Kd8 29. Bxe6 Qe1+ 30. Kg2 Bf1+ 31. Kg3 Qe5+ 32. f4
Qe3+ 33. Kg4 Bh3+ 34. Kg5 34... Bxe6 {pagoda resigns} 0-1

[Event "ICS rated blitz match"]
[Site "207.99.83.229"]
[Date "1999.07.23"]
[Round "?"]
[White "Hossa"]
[Black "pagoda"]
[Result "1-0"]
[WhiteElo "2374"]
[BlackElo "2046"]
[PlyCount "89"]
[EventDate "1999.??.??"]

1. Nf3 Nf6 2. c4 c6 3. d3 d5 4. cxd5 cxd5 5. Bf4 Nc6 6. Nbd2 Qa5 7. Ne5 Nxe5 8.
Bxe5 e6 9. Bxf6 gxf6 10. e4 dxe4 11. dxe4 Bb4 12. a3 Bxd2+ 13. Qxd2 Qxd2+ 14.
Kxd2 Bd7 15. Rc1 Bc6 16. Ke3 Ke7 17. Bd3 Rhg8 18. g3 f5 19. Rhd1 fxe4 20. Bxe4
Bxe4 21. Rc7+ Kf6 22. Kxe4 Rgd8 23. Rxd8 Rxd8 24. Rxb7 Rd2 25. Ke3 Rc2 26. a4
a5 27. Rb5 h6 28. h4 Kg6 29. Rxa5 Rxb2 30. Rb5 Ra2 31. h5+ Kf6 32. a5 Kg7 33.
g4 Kf6 34. f4 Ra3+ 35. Kf2 Ra4 36. g5+ Kg7 37. Kf3 Ra3+ 38. Ke2 Ra4 39. Ke3
Ra3+ 40. Kd4 Ra4+ 41. Ke5 Ra3 42. gxh6+ Kxh6 43. Kf6 Ra4 44. Kxf7 Rxf4+ 45.
Kxe6 {pagoda resigns} 1-0

[Event "ICS rated blitz match"]
[Site "207.99.83.229"]
[Date "1999.07.23"]
[Round "?"]
[White "pagoda"]
[Black "Hossa"]
[Result "0-1"]
[WhiteElo "2042"]
[BlackElo "2378"]
[PlyCount "41"]
[EventDate "1999.??.??"]

1. Nc3 Nf6 2. e4 e5 3. Bc4 Be7 4. d3 O-O 5. f4 Nc6 6. Nf3 exf4 7. Bxf4 Na5 8.
Bb3 c6 9. Qe2 Nxb3 10. axb3 d5 11. O-O-O dxe4 12. Nxe4 Qa5 13. Kb1 Nxe4 14.
Qxe4 Re8 15. Bd2 Qd5 16. Qf4 Bd6 17. Qh4 Bf5 18. Bc3 Re2 19. Rde1 Rxc2 20. Qg5
Rxg2 21. Qxg2 {pagoda resigns} 0-1

[Event "ICS rated blitz match"]
[Site "207.99.83.229"]
[Date "1999.07.23"]
[Round "?"]
[White "Hossa"]
[Black "pagoda"]
[Result "1-0"]
[WhiteElo "2382"]
[BlackElo "2038"]
[PlyCount "69"]
[EventDate "1999.??.??"]

1. Nf3 Nc6 2. d4 d5 3. e3 Bg4 4. Be2 Nf6 5. O-O e6 6. Nbd2 Bd6 7. c4 O-O 8. b3
a5 9. Ng5 Bf5 10. a4 Nb4 11. cxd5 exd5 12. Ba3 Ne4 13. Ngxe4 Bxe4 14. Nxe4 dxe4
15. Bg4 Ra6 16. Bf5 g6 17. Bxb4 axb4 18. Bxe4 Bxh2+ 19. Kxh2 Qh4+ 20. Kg1 Qxe4
21. Rc1 c6 22. Qe1 Ra5 23. Rc4 Rd8 24. f3 Qe7 25. e4 b5 26. Qxb4 Qxb4 27. Rxb4
Kf8 28. Rc1 Rd6 29. Rc5 Ke7 30. d5 cxd5 31. exd5 Rb6 32. Rbxb5 Raxb5 33. Rxb5
Rxb5 34. axb5 Kd6 35. b6 {pagoda resigns} 1-0

[Event "ICS rated blitz match"]
[Site "207.99.83.229"]
[Date "1999.07.23"]
[Round "?"]
[White "pagoda"]
[Black "Hossa"]
[Result "0-1"]
[WhiteElo "2034"]
[BlackElo "2386"]
[PlyCount "34"]
[EventDate "1999.??.??"]

1. Nc3 Nf6 2. e4 e5 3. Bc4 Be7 4. d3 O-O 5. f4 Nc6 6. fxe5 Nxe5 7. Bb3 Bb4 8.
Bd2 c6 9. Nf3 Nxf3+ 10. Qxf3 d5 11. O-O-O Bg4 12. Qg3 Bxd1 13. Rxd1 d4 14. Ne2
Bxd2+ 15. Kxd2 c5 16. Rf1 Rc8 17. Bc4 17... b5 {pagoda resigns} 0-1

[Event "ICS rated blitz match"]
[Site "207.99.83.229"]
[Date "1999.07.23"]
[Round "?"]
[White "Carsi"]
[Black "Hossa"]
[Result "0-1"]
[WhiteElo "2293"]
[BlackElo "2394"]
[PlyCount "78"]
[EventDate "1999.??.??"]

1. e4 Nf6 2. e5 Nd5 3. d4 d6 4. Nf3 Bg4 5. Be2 Nc6 6. O-O e6 7. exd6 Bxd6 8. c4
Nf4 9. Bxf4 Bxf4 10. Nc3 O-O 11. d5 exd5 12. Nxd5 Bxf3 13. Nxf4 Bxe2 14. Nxe2
Qh4 15. b3 Rad8 16. Qc2 Ne5 17. Ng3 Ng4 18. h3 Ne3 19. fxe3 Qxg3 20. Qf2 Qxf2+
21. Kxf2 Rd2+ 22. Kf3 Rfd8 23. a3 R8d6 24. g4 Rh6 25. Kg3 Rd3 26. Rad1 Rhd6 27.
Rb1 Rxe3+ 28. Rf3 Rdd3 29. Rxe3 Rxe3+ 30. Kf4 Rxh3 31. Rd1 h5 32. gxh5 Rxh5 33.
Rd8+ Kh7 34. Rd7 Rh3 35. Rxc7 Rxb3 36. Rxf7 Kh6 37. c5 Rb1 38. a4 Rf1+ 39. Ke5
39... Rxf7 {Carsi resigns} 0-1

[Event "ICS rated blitz match"]
[Site "207.99.83.229"]
[Date "1999.07.23"]
[Round "?"]
[White "Hossa"]
[Black "Carsi"]
[Result "1-0"]
[WhiteElo "2405"]
[BlackElo "2282"]
[PlyCount "65"]
[EventDate "1999.??.??"]

1. d4 Nf6 2. c4 g6 3. Nc3 d5 4. cxd5 Nxd5 5. e4 Nxc3 6. bxc3 Bg7 7. Bb5+ c6 8.
Bd3 O-O 9. Ne2 e5 10. Be3 Be6 11. O-O Nd7 12. Qd2 Nb6 13. Bh6 Nc4 14. Qc1 Qd6
15. Rb1 b5 16. Bxg7 Kxg7 17. f4 f6 18. Kh1 Na3 19. Rb2 Bc4 20. Bxc4 Nxc4 21.
Rb1 Qa3 22. fxe5 Qxc1 23. exf6+ Rxf6 24. Rbxc1 Re6 25. e5 c5 26. Nf4 Ree8 27.
Nd3 cxd4 28. cxd4 Rad8 29. Rf4 Rd5 30. h4 Red8 31. Nc5 Kh6 32. Ne6 Re8 33. Nc7
{Carsi resigns} 1-0

[Event "ICS rated blitz match"]
[Site "207.99.83.229"]
[Date "1999.07.23"]
[Round "?"]
[White "Hossa"]
[Black "Abdiel"]
[Result "1-0"]
[WhiteElo "2420"]
[BlackElo "2081"]
[PlyCount "58"]
[EventDate "1999.??.??"]

1. d4 f5 2. c4 Nf6 3. Nc3 g6 4. f3 Bg7 5. Bg5 O-O 6. e3 d6 7. Qd3 Nbd7 8. Be2
c6 9. Nh3 Qe8 10. f4 e5 11. fxe5 dxe5 12. O-O Kh8 13. Nf2 e4 14. Qd1 h6 15. Bf4
Nh7 16. Qd2 g5 17. Bd6 Rf6 18. Bc7 Qg6 19. Qd1 Qf7 20. Bd8 Re6 21. d5 cxd5 22.
cxd5 Rd6 23. Nfxe4 Qf8 24. Nxd6 Qxd6 25. Qd2 Ne5 26. Ba5 b6 27. Nb5 Qd8 28. Bb4
Bb7 29. Nd6 29... Rb8 {Abdiel resigns} 1-0

[Event "ICS rated blitz match"]
[Site "207.99.83.229"]
[Date "1999.07.23"]
[Round "?"]
[White "Hossa"]
[Black "pagoda"]
[Result "1-0"]
[WhiteElo "2424"]
[BlackElo "2060"]
[PlyCount "33"]
[EventDate "1999.??.??"]

1. Nf3 d5 2. d4 Nf6 3. Bf4 c6 4. e3 Qb6 5. b3 Ne4 6. Bd3 Bg4 7. O-O e6 8. h3
Bh5 9. c4 Nd7 10. Qe2 Be7 11. cxd5 exd5 12. g4 Bg6 13. h4 h5 14. g5 O-O-O 15.
Qc2 f6 16. Nc3 Qa6 17. Nxd5 {pagoda resigns} 1-0

[Event "ICS rated blitz match"]
[Site "207.99.83.229"]
[Date "1999.07.23"]
[Round "?"]
[White "pagoda"]
[Black "Hossa"]
[Result "0-1"]
[WhiteElo "2056"]
[BlackElo "2428"]
[PlyCount "28"]
[EventDate "1999.??.??"]

1. e4 b6 2. d3 e5 3. f4 d5 4. exd5 Qxd5 5. fxe5 Qxe5+ 6. Qe2 Qxe2+ 7. Bxe2 Nc6
8. Bf3 Nd4 9. Bxa8 Nxc2+ 10. Kd1 Nxa1 11. b3 Bf5 12. Ke2 Nc2 13. Nf3 Nb4 14.
Rd1 14... Nxa2 {pagoda resigns} 0-1

[Event "ICS rated blitz match"]
[Site "207.99.83.229"]
[Date "1999.07.23"]
[Round "?"]
[White "Hossa"]
[Black "pagoda"]
[Result "1-0"]
[WhiteElo "2431"]
[BlackElo "2053"]
[PlyCount "79"]
[EventDate "1999.??.??"]

1. Nf3 d6 2. e4 e5 3. d4 Nf6 4. dxe5 Nxe4 5. Qd5 Nc5 6. Be2 Nc6 7. Bb5 Bd7 8.
Bg5 Be7 9. exd6 Bxg5 10. Nxg5 Ne6 11. Nxe6 fxe6 12. Qh5+ Kf8 13. dxc7 Qxc7 14.
O-O a6 15. Bxc6 Bxc6 16. Re1 Re8 17. Nc3 g6 18. Qg5 Kg7 19. Re2 Rhf8 20. Rae1
Qd7 21. Rd1 Qc7 22. Red2 Rf5 23. Qe3 Ref8 24. Qxe6 R8f7 25. Qc4 Qe5 26. Qe2 Qf6
27. f3 Re5 28. Qf2 Rfe7 29. Rd8 Qg5 30. Ne4 Bxe4 31. f4 Qxg2+ 32. Qxg2 Bxg2 33.
fxe5 Bc6 34. Re1 h5 35. e6 g5 36. Rd6 Kg6 37. Kf2 g4 38. Kg3 Kg5 39. Re5+ Kf6
40. Rxh5 {pagoda resigns} 1-0